|
|
|
|
| LEADER |
01284nam a2200313 a 4500 |
| 001 |
13868076 |
| 003 |
BD-DhAAL |
| 005 |
20250709121112.0 |
| 008 |
091113s2006 caua b 001 0 eng d |
| 010 |
|
|
|a 2005003582
|
| 020 |
|
|
|a 9788178299143
|
| 020 |
|
|
|a 1412909295 (pbk.)
|
| 040 |
|
|
|a DLC
|c DLC
|d DLC
|d BD-DhAAL
|
| 082 |
0 |
0 |
|a 302.3/5
|2 22
|
| 100 |
1 |
|
|a Seijts, Gerard H.
|9 58709
|
| 245 |
0 |
0 |
|a Cases in organizational behavior /
|c Gerard H. Seijts.
|
| 246 |
3 |
|
|a Organizational behavior
|
| 260 |
|
|
|a Thousand Oaks ;
|a New Delhi :
|b SAGE Publications,
|c 2009.
|
| 300 |
|
|
|a x, 295 pages :
|b illustrations ;
|c 24 cm.
|
| 490 |
|
4 |
|a The Ivey casebook series
|
| 504 |
|
|
|a Includes bibliographical references.
|
| 526 |
|
|
|x Requisitioned by Faculties of BBS
Course name and no : N/A
|
| 541 |
1 |
|
|a Karim International
|e 00019576
|
| 650 |
|
0 |
|a Organizational behavior
|v Case studies.
|9 2354
|
| 650 |
|
0 |
|a Management
|v Case studies.
|
| 852 |
4 |
|
|a Ayesha Abed Library
|j General Shelf
|
| 942 |
|
|
|2 ddc
|c BK
|
| 999 |
|
|
|c 5471
|d 5471
|
| 952 |
|
|
|0 0
|1 0
|2 ddc
|4 0
|6 302_350000000000000_SEI
|7 0
|9 5339
|a BRACUL
|b BRACUL
|c GEN
|d 2009-11-12
|e Karim International
|g 429.00
|l 2
|m 5
|o 302.35 SEI
|p 3010019576
|r 2020-01-08
|s 2019-11-14
|t 1
|w 2009-11-12
|y BK
|x Requisitioned by Faculties of BBS. Course name and no. "not available".
|